Čo je práve obzorom-

Bibliographic Details
Main Author: Haugová, Mila, 1942- (Author)
Format: Article
Language:Slovak
ISSN:0231-6714
Subjects:

MARC

LEADER 00000nab a2200000 a 4500
001 vtls000867385
003 SK-MaSNL
005 20260304142421.0
008 250505c2004 xo 0 slo
015 |a SNBRB2004/03-09446 
035 |a CLN000218937 
035 |a urn:nbn:sk:snk-abbx9b 
035 |a (urnnbn)urn:nbn:sk:snk:ar-0000y4 
035 |a (uuid)3bdd660e-70aa-4bb1-a0ba-ce42882b8014 
040 |a SNKBUCL  |b slo  |c SNKBUCL  |e AACR2 
041 0 |a slo 
044 |a xo  |c SK 
080 |a 82.09:821.162.4-1(048)  |2 1997 
080 |a 821.162.4-1(048)  |2 1997 
100 1 |a Haugová, Mila,  |d 1942-  |4 aut  |9 90543 
245 1 0 |a Čo je práve obzorom-  |c Mila Haugová 
650 0 7 |a slovenská poézia  |2 snkbucl  |9 215422 
655 7 |a recenzie  |2 snkbucl  |9 21907 
655 7 |a články z novín a časopisov  |2 snkbucl  |9 267496 
773 0 |t Romboid  |g Roč. 39, č. 1 (2004), s. 80-82  |x 0231-6714 
787 0 8 |i Rec.:  |a Štrpka, Ivan, 1944-  |t 25 básní  |d Bratislava : F.R.&G., 2003 
850 |a Slovenská národná knižnica 
852 |a Slovenská národná knižnica 
958 |a article15 
958 |a LX 
958 |a RC 
958 |a OND 
958 |a EUIPO 
992 |a RBX 
999 |c 2921113  |d 2923043